| 000 | 00410 a2200121 4500 | ||
|---|---|---|---|
| 001 | ART_63705 | ||
| 005 | 20260410162057.0 | ||
| 008 | 260409a | ||
| 245 | 1 | 0 | _aUn nuevo código penal para un país más seguro y moderno |
| 100 | 1 | _aBorinsky, Mariano H. | |
| 700 | 1 | _aGaray, Juan Manuel | |
| 773 | 0 |
_tTemas de derecho penal y procesal penal _g- Año 7, N° 11/12 (nov./dic. 2025) _wREV60798 |
|
| 999 |
_c36401 _d36401 |
||